LEADER 01119nas 2200385- 450 001 996294548803316 005 20230222213018.0 011 $a2161-8534 035 $a(OCoLC)607530098 035 $a(CKB)3350000000000065 035 $a(CONSER)--2011202884 035 $a(EXLCZ)993350000000000065 100 $a20100416a19999999 --- a 101 0 $aeng 135 $aurbn||||||abp 135 $aurbn||||||ada 181 $ctxt$2rdacontent 182 $cc$2rdamedia 183 $acr$2rdacarrier 200 10$aAmerican Catholic studies 210 $aPhiladelphia, PA $cAmerican Catholic Historical Society 300 $aRefereed/Peer-reviewed 311 $a2161-8542 517 1 $aJournal of the American Catholic Historical Society 606 $aSocieties$2fast$3(OCoLC)fst01123785 607 $aUnited States$2fast 608 $aHistory.$2fast 608 $aPeriodicals.$2fast 615 7$aSocieties. 676 $a282.7305 712 02$aAmerican Catholic Historical Society. 906 $aJOURNAL 912 $a996294548803316 996 $aAmerican Catholic studies$92151043 997 $aUNISA LEADER 01215nam 2200397 450 001 9910793320403321 005 20230814231043.0 010 $a1-5275-2766-2 035 $a(CKB)4100000007591881 035 $a(MiAaPQ)EBC5674763 035 $a(OCoLC)1084474750 035 $a(FINmELB)ELB125858 035 $a(EXLCZ)994100000007591881 100 $a20190225d2018 uy 0 101 0 $aeng 135 $aurcnu|||||||| 181 $ctxt$2rdacontent 182 $cc$2rdamedia 183 $acr$2rdacarrier 200 10$aFour-fermion models in the theory of electro-weak and strong interactions /$fby S. I. Kruglov 210 1$aNewcastle upon Tyne, UK :$cCambridge Scholars Publishing,$d2018. 215 $a1 online resource (viii, 336 pages) 311 $a1-5275-1450-1 606 $aFermions$xMathematical models 606 $aQuarks 615 0$aFermions$xMathematical models. 615 0$aQuarks. 676 $a539.721 700 $aKruglov$b Sergey$01469061 801 0$bMiAaPQ 801 1$bMiAaPQ 801 2$bMiAaPQ 906 $aBOOK 912 $a9910793320403321 996 $aFour-fermion models in the theory of electro-weak and strong interactions$93680462 997 $aUNINA